<?xml version="1.0" encoding="UTF-8"?>
<record
    xmlns:xsi="http://www.w3.org/2001/XMLSchema-instance"
    xsi:schemaLocation="http://www.loc.gov/MARC21/slim http://www.loc.gov/standards/marcxml/schema/MARC21slim.xsd"
    xmlns="http://www.loc.gov/MARC21/slim">

  <leader>01793nam0a2200325   4500</leader>
  <controlfield tag="001">RU\NLR\BIBL_A\022702072</controlfield>
  <controlfield tag="005">20260123105226.0</controlfield>
  <datafield tag="010" ind1=" " ind2=" ">
    <subfield code="a">978-5-295-08221-4</subfield>
    <subfield code="9">500</subfield>
  </datafield>
  <datafield tag="021" ind1=" " ind2=" ">
    <subfield code="a">RU</subfield>
    <subfield code="b">&#x41A;&#x41D;-&#x41F;-25-062129</subfield>
    <subfield code="9">&#x41A;&#x41D;-&#x41F;-25-6006</subfield>
  </datafield>
  <datafield tag="035" ind1=" " ind2=" ">
    <subfield code="a">(NLR Aleph) 022702072</subfield>
  </datafield>
  <datafield tag="090" ind1=" " ind2=" ">
    <subfield code="a">13536252</subfield>
    <subfield code="c">13536252</subfield>
  </datafield>
  <datafield tag="100" ind1=" " ind2=" ">
    <subfield code="a">20260116d2025    b  y0rusy50      ca</subfield>
  </datafield>
  <datafield tag="101" ind1="0" ind2=" ">
    <subfield code="a">tat</subfield>
  </datafield>
  <datafield tag="102" ind1=" " ind2=" ">
    <subfield code="a">RU</subfield>
  </datafield>
  <datafield tag="105" ind1=" " ind2=" ">
    <subfield code="a">ac  z   000 y</subfield>
  </datafield>
  <datafield tag="181" ind1=" " ind2="0">
    <subfield code="a">i </subfield>
    <subfield code="b">axxe  </subfield>
  </datafield>
  <datafield tag="182" ind1=" " ind2="0">
    <subfield code="a">n</subfield>
  </datafield>
  <datafield tag="200" ind1="1" ind2=" ">
    <subfield code="a">&#x41A;&#x4AF;&#x43A;&#x435;&#x43B;&#x435; &#x441;&#x4D9;&#x433;&#x430;&#x442;&#x44C;</subfield>
    <subfield code="e">[&#x431;&#x430;&#x43B;&#x430;&#x43B;&#x430;&#x440; &#x4E9;&#x447;&#x435;&#x43D; &#x448;&#x438;&#x433;&#x44B;&#x440;&#x44C;&#x43B;&#x4D9;&#x440;]</subfield>
    <subfield code="f">&#x41A;&#x43B;&#x430;&#x440;&#x430; &#x421;&#x4D9;&#x444;&#x4D9;&#x440;&#x43E;&#x432;&#x430;</subfield>
    <subfield code="g">[&#x440;&#x4D9;&#x441;&#x441;&#x430;&#x43C;&#x44B; &#x41C;&#x430;&#x440;&#x430;&#x442; &#x413;&#x430;&#x439;&#x43D;&#x435;&#x442;&#x434;&#x438;&#x43D;&#x43E;&#x432;]</subfield>
  </datafield>
  <datafield tag="203" ind1=" " ind2=" ">
    <subfield code="a">&#x422;&#x435;&#x43A;&#x441;&#x442;</subfield>
    <subfield code="b">&#x432;&#x438;&#x437;&#x443;&#x430;&#x43B;&#x44C;&#x43D;&#x44B;&#x439;</subfield>
    <subfield code="c">&#x43D;&#x435;&#x43F;&#x43E;&#x441;&#x440;&#x435;&#x434;&#x441;&#x442;&#x432;&#x435;&#x43D;&#x43D;&#x44B;&#x439;</subfield>
  </datafield>
  <datafield tag="210" ind1=" " ind2=" ">
    <subfield code="a">&#x423;&#x444;&#x430;</subfield>
    <subfield code="c">&#x41A;&#x438;&#x442;&#x430;&#x43F;</subfield>
    <subfield code="d">2025</subfield>
  </datafield>
  <datafield tag="215" ind1=" " ind2=" ">
    <subfield code="a">94,[1] &#x431;.</subfield>
    <subfield code="c">&#x43F;&#x43E;&#x440;&#x442;&#x440;., &#x446;&#x432;. &#x438;&#x43B;.</subfield>
    <subfield code="d">22</subfield>
  </datafield>
  <datafield tag="423" ind1=" " ind2="0">
    <subfield code="1">2001#$a&#x4AE;&#x441;&#x4D9;&#x441;&#x435; &#x43A;&#x438;&#x43B;&#x4D9;$e[&#x431;&#x430;&#x43B;&#x430;&#x43B;&#x430;&#x440; &#x4E9;&#x447;&#x435;&#x43D; &#x448;&#x438;&#x433;&#x44B;&#x440;&#x44C;&#x43B;&#x4D9;&#x440;, &#x4D9;&#x43A;&#x438;&#x44F;&#x442;&#x43B;&#x4D9;&#x440;]$f&#x420;&#x4D9;&#x43B;&#x438;&#x444; &#x428;&#x4D9;&#x433;&#x430;&#x43B;&#x438;</subfield>
    <subfield code="1">210##$a&#x423;&#x444;&#x430;$d2025</subfield>
    <subfield code="1">215##$a&#x421;. 35-93$c&#x43F;&#x43E;&#x440;&#x442;&#x440;., &#x446;&#x432;. &#x438;&#x43B;.</subfield>
    <subfield code="1">300##$a&#x412; &#x432;&#x44B;&#x43F;. &#x434;&#x430;&#x43D;. &#x430;&#x432;&#x442;.: &#x420;&#x430;&#x43B;&#x438;&#x444; &#x428;&#x430;&#x433;&#x430;&#x43B;&#x438; (&#x428;&#x430;&#x433;&#x430;&#x43B;&#x438;&#x435;&#x432; &#x420;&#x430;&#x43B;&#x438;&#x444; &#x418;&#x43C;&#x430;&#x43C;&#x440;&#x430;&#x437;&#x44B;&#x435;&#x432;&#x438;&#x447;)</subfield>
    <subfield code="1">700#1$a&#x428;&#x4D9;&#x433;&#x430;&#x43B;&#x438;$b&#x420;.$f1957-$g&#x420;&#x4D9;&#x43B;&#x438;&#x444;</subfield>
    <subfield code="1">702#1$a&#x413;&#x430;&#x439;&#x43D;&#x435;&#x442;&#x434;&#x438;&#x43D;&#x43E;&#x432;$b&#x41C;.$g&#x41C;&#x430;&#x440;&#x430;&#x442;$4440</subfield>
    <subfield code="1">5411#$a&#x425;&#x43E;&#x447;&#x443; &#x440;&#x430;&#x441;&#x442;&#x438;$e[&#x441;&#x442;&#x438;&#x445;&#x438; &#x434;&#x43B;&#x44F; &#x434;&#x435;&#x442;&#x435;&#x439;, &#x441;&#x43A;&#x430;&#x437;&#x43A;&#x438;].$zrus$6z01790</subfield>
    <subfield code="1">6891#$a&#x428;9(2)6=&#x422;&#x430;&#x442;&#x430;&#x440; &#x44F;44</subfield>
    <subfield code="1">790#1$a&#x428;&#x430;&#x433;&#x430;&#x43B;&#x438;$b&#x420;.$g&#x420;&#x430;&#x43B;&#x438;&#x444;$4070$6z01541</subfield>
  </datafield>
  <datafield tag="541" ind1="1" ind2=" ">
    <subfield code="6">z01790</subfield>
    <subfield code="a">&#x427;&#x430;&#x441;&#x44B; &#x441; &#x43A;&#x443;&#x43A;&#x443;&#x448;&#x43A;&#x43E;&#x439;</subfield>
    <subfield code="e">[&#x441;&#x442;&#x438;&#x445;&#x438; &#x434;&#x43B;&#x44F; &#x434;&#x435;&#x442;&#x435;&#x439;].</subfield>
    <subfield code="z">rus</subfield>
  </datafield>
  <datafield tag="686" ind1="1" ind2=" ">
    <subfield code="a">&#x428;9(2)6=&#x422;&#x430;&#x442;&#x430;&#x440;-5</subfield>
  </datafield>
  <datafield tag="700" ind1=" " ind2="1">
    <subfield code="a">&#x421;&#x4D9;&#x444;&#x4D9;&#x440;&#x43E;&#x432;&#x430;</subfield>
    <subfield code="b">&#x41A;. &#x41C;. &#x43A;&#x44B;&#x437;&#x44B;</subfield>
    <subfield code="f">1953-</subfield>
    <subfield code="g">&#x41A;&#x43B;&#x430;&#x440;&#x430; &#x41C;&#x438;&#x441;&#x431;&#x430;&#x445; &#x43A;&#x44B;&#x437;&#x44B;</subfield>
    <subfield code="4">070</subfield>
  </datafield>
  <datafield tag="702" ind1=" " ind2="1">
    <subfield code="a">&#x413;&#x430;&#x439;&#x43D;&#x435;&#x442;&#x434;&#x438;&#x43D;&#x43E;&#x432;</subfield>
    <subfield code="b">&#x41C;.</subfield>
    <subfield code="g">&#x41C;&#x430;&#x440;&#x430;&#x442;</subfield>
    <subfield code="4">440</subfield>
  </datafield>
  <datafield tag="790" ind1=" " ind2="1">
    <subfield code="6">z01541</subfield>
    <subfield code="a">&#x421;&#x430;&#x444;&#x430;&#x440;&#x43E;&#x432;&#x430;</subfield>
    <subfield code="b">&#x41A;. &#x41C;.</subfield>
    <subfield code="g">&#x41A;&#x43B;&#x430;&#x440;&#x430; &#x41C;&#x438;&#x441;&#x431;&#x430;&#x445;&#x43E;&#x432;&#x43D;&#x430;</subfield>
    <subfield code="4">070</subfield>
  </datafield>
  <datafield tag="942" ind1=" " ind2=" ">
    <subfield code="c">BOOK</subfield>
  </datafield>
  <datafield tag="980" ind1=" " ind2=" ">
    <subfield code="a">NB</subfield>
  </datafield>
</record>
